<?xml version="1.0" encoding="UTF-8"?><?xml-stylesheet type="text/xsl" href="static/style.xsl"?><OAI-PMH xmlns="http://www.openarchives.org/OAI/2.0/" xmlns:xsi="http://www.w3.org/2001/XMLSchema-instance" xsi:schemaLocation="http://www.openarchives.org/OAI/2.0/ http://www.openarchives.org/OAI/2.0/OAI-PMH.xsd"><responseDate>2026-04-13T16:55:10Z</responseDate><request verb="GetRecord" identifier="oai:www.recercat.cat:10256/15434" metadataPrefix="marc">https://recercat.cat/oai/request</request><GetRecord><record><header><identifier>oai:recercat.cat:10256/15434</identifier><datestamp>2024-10-29T08:12:26Z</datestamp><setSpec>com_2072_452992</setSpec><setSpec>com_2072_2054</setSpec><setSpec>col_2072_453150</setSpec></header><metadata><record xmlns="http://www.loc.gov/MARC21/slim" xmlns:dcterms="http://purl.org/dc/terms/" xmlns:xsi="http://www.w3.org/2001/XMLSchema-instance" xmlns:doc="http://www.lyncode.com/xoai" xsi:schemaLocation="http://www.loc.gov/MARC21/slim http://www.loc.gov/standards/marcxml/schema/MARC21slim.xsd">
   <leader>00925njm 22002777a 4500</leader>
   <datafield ind2=" " ind1=" " tag="042">
      <subfield code="a">dc</subfield>
   </datafield>
   <datafield ind2=" " ind1=" " tag="720">
      <subfield code="a">Llosada Gistau, Joan</subfield>
      <subfield code="e">author</subfield>
   </datafield>
   <datafield ind2=" " ind1=" " tag="720">
      <subfield code="a">Montserrat Boada, Carme</subfield>
      <subfield code="e">author</subfield>
   </datafield>
   <datafield ind2=" " ind1=" " tag="720">
      <subfield code="a">Casas Aznar, Ferran</subfield>
      <subfield code="e">author</subfield>
   </datafield>
   <datafield ind2=" " ind1=" " tag="260">
      <subfield code="c">2016</subfield>
   </datafield>
   <datafield ind2=" " ind1=" " tag="520">
      <subfield code="a">Los autores han elaborado este trabajo con el apoyo de las instituciones donde desarrollan su actividad profesional y científica, a las que quieren expresar su agradecimiento: son la Dirección General de Atención a la Infancia y la Adolescencia del Departamento de Trabajo, Asuntos Sociales y Familias de la Generalitat de Catalunya; y el Instituto&#xd;
de Investigación y Calidad de Vida (IRQV), de la Universitat de Girona, al que está adscrito el Equipo de Investigación sobre Infancia, Adolescencia, Derechos de los Niños y Calidad de Vida (ERÍDIQV), del que son miembros</subfield>
   </datafield>
   <datafield ind2=" " ind1=" " tag="520">
      <subfield code="a">Sobre el benestar subjectiu dels infants i adolescents tutelats a Catalunya</subfield>
   </datafield>
   <datafield ind1="8" ind2=" " tag="024">
      <subfield code="a">http://hdl.handle.net/10256/15434</subfield>
   </datafield>
   <datafield tag="653" ind2=" " ind1=" ">
      <subfield code="a">Adolescents -- Assistència institucional -- Catalunya -- Avaluació</subfield>
   </datafield>
   <datafield tag="653" ind2=" " ind1=" ">
      <subfield code="a">Teenagers -- Institutional care -- Catalonia -- Evaluation</subfield>
   </datafield>
   <datafield tag="653" ind2=" " ind1=" ">
      <subfield code="a">Adolescents -- Protecció, assistència, etc. -- Catalunya -- Avaluació</subfield>
   </datafield>
   <datafield tag="653" ind2=" " ind1=" ">
      <subfield code="a">Teenagers -- Protection, assistance, etc. -- Catalonia -- Evaluation</subfield>
   </datafield>
   <datafield tag="653" ind2=" " ind1=" ">
      <subfield code="a">Adolescents desfavorits -- Catalunya -- Condicions socials</subfield>
   </datafield>
   <datafield tag="653" ind2=" " ind1=" ">
      <subfield code="a">Teenagers with social disabilities -- Catalonia -- Social conditions</subfield>
   </datafield>
   <datafield tag="653" ind2=" " ind1=" ">
      <subfield code="a">Acolliment familiar -- Aspectes psicològics</subfield>
   </datafield>
   <datafield tag="653" ind2=" " ind1=" ">
      <subfield code="a">Foster home care -- Psychological aspects</subfield>
   </datafield>
   <datafield tag="653" ind2=" " ind1=" ">
      <subfield code="a">Centres residencials d'acció educativa -- Aspectes psicològics</subfield>
   </datafield>
   <datafield tag="653" ind2=" " ind1=" ">
      <subfield code="a">Centres d'acolliment d'infants i adolescents -- Aspectes psicològics</subfield>
   </datafield>
   <datafield tag="653" ind2=" " ind1=" ">
      <subfield code="a">Group homes for children -- Psychological aspects</subfield>
   </datafield>
   <datafield ind2="0" ind1="0" tag="245">
      <subfield code="a">El Bienestar subjectivo de los adolescentes tutelados en Cataluña</subfield>
   </datafield>
</record></metadata></record></GetRecord></OAI-PMH>